000 01183nam a22003737a 4500
003 CHAP
005 20240508141623.0
008 080522d2002 us r 00010 eng d
010 _a94839
011 _a95811
020 _a0878934030
035 _a106442
040 _cCHAP
082 0 4 _a580.12
_bP69 2002
245 0 0 _aPlant systematics a phylogenetic approach
_c/ by Walter S. Judd ...[et al.]
250 _a2 ed.
260 _aSunderland, MA :
_bSinauer,
_c2002
300 _axvi 576 p. :
_bilus., gráfs. + 1 CD (4 3/4 plg.)
582 8 _aConsultar el disco en la pagina Web de la BC
590 _aBATCH-UPD
_b10
_c20130110
590 _aBATCH-UPD
_b10
_c20130410
590 _aBATCH-UPD
_b10
_c20130914
590 _aCONVERSION
_b10
_c20130109
650 1 4 _aBioquímica.
_912849
650 1 4 _aBotánica
_xClasificación.
_914516
650 1 4 _aGenética vegetal.
650 1 4 _aPlantas
_xIdentificación.
_988842
650 1 4 _aPlantas
_xNomenclatura.
_988871
700 1 _aJudd, Walter S.
_962263
901 _aBK
911 _aen proceso
942 _cLIBRO
_2ddc
949 _a580.12 J69 2002
_bBC
_cLIBRO
_d33724002057644
_eLIBRO
_g237644
_h109522
_i106442
_si
_t$1.407.63
999 _c94839
_d94839